=LDR 00000nam 2200000 4500 =001 INLIS000000000030958 =005 20210324083800 =035 ##$$a 0010-061300000030958 =008 210324###########################0#ind## =041 ##$$a ind =082 ##$$a 028.5 =090 ##$$a 028.5, Ine u =100 ##$$a Ine, papa =245 1#$$a Ubur-ubur jahat=the bad jelly fish /$c papa Ine ; penerjemah, kak Sari komala ; editor Imran Laha =260 ##$$a Jakarta :$b PT. Bumi Aksara,$c 2009 =300 ##$$a 27 hlm, : $b ilus, ; $c 19 x 19 cm =650 #4$$a Bacaan Anak-anak =850 ##$$a NBPNMAT =020 ##$$a 979-010-4444-8 =084 ##$$a 028.5 INE u =700 #$$a kak Sari komala =990 ##$$a 21194894/BPAP-NTB/2014 =990 ##$$a 21400613/BPAP-NTB/20142014 =990 ##$$a 0001/BPAP-NTB/20142014 =990 ##$$a 0001/BPAP-NTB/2015 =990 ##$$a 01780178 =990 ##$$a 0001/BPAP-NTB/2015 =990 ##$$a 21194894/BPAP-NTB/2014 =990 ##$$a 21400613/BPAP-NTB/20142014 =990 ##$$a 0001/BPAP-NTB/20142014 =990 ##$$a 0001/BPAP-NTB/2015 =990 ##$$a 1200900892 =990 ##$$a 20901848/pb-09 =990 ##$$a 21194894/BPAP-NTB/2014 =990 ##$$a 21400613/BPAP-NTB/20142014 =990 ##$$a 0001/BPAP-NTB/20142014 =990 ##$$a 0001/BPAP-NTB/2015 =990 ##$$a 1200900892 =990 ##$$a 21304288 =990 ##$$a 21194894/BPAP-NTB/2014 =990 ##$$a 21400613/BPAP-NTB/20142014 =990 ##$$a 0001/BPAP-NTB/20142014 =990 ##$$a 20901848/pb-09 =990 ##$$a 21304284 =990 ##$$a 21194894/BPAP-NTB/2014 =990 ##$$a 21400613/BPAP-NTB/20142014 =990 ##$$a 20901848/pb-09 =990 ##$$a 21304288 =990 ##$$a 21304286 =990 ##$$a 21194894/BPAP-NTB/2014 =990 ##$$a 21304284 =990 ##$$a 20901848/pb-09 =990 ##$$a 21304288 =990 ##$$a 21304287 =990 ##$$a 21304286 =990 ##$$a 21304284 =990 ##$$a 20901848/pb-09 =990 ##$$a 21304288